Moonlight on the Magic Flute. (Record no. 263361)
[ view plain ]
| 000 -LEADER | |
|---|---|
| fixed length control field | 00294nam a22001217a 4500 |
| 020 ## - INTERNATIONAL STANDARD BOOK NUMBER | |
| ISBN | 9780545299497 |
| 100 ## - MAIN ENTRY--AUTHOR NAME | |
| Personal name | Mary Pope Osborne |
| 245 ## - TITLE STATEMENT | |
| Title | Moonlight on the Magic Flute. |
| 260 ## - PUBLICATION, DISTRIBUTION, ETC. (IMPRINT) | |
| Place of publication | New York |
| Name of publisher | Scholastic Inc |
| Year of publication | 2009 |
| 300 ## - PHYSICAL DESCRIPTION | |
| Number of Pages | 106pgs |
| Other physical details | ill |
| 490 ## - SERIES STATEMENT | |
| Series statement | Magic Tree House |
| 942 ## - ADDED ENTRY ELEMENTS (KOHA) | |
| Koha item type | Long Loan Books |
| Withdrawn status | Lost status | Collection code | Home library | Current library | Shelving location | Date acquired | Accession Number | Koha item type |
|---|---|---|---|---|---|---|---|---|
| Fiction | Rongo University Library | Rongo University Library | Children's Area | 13/03/2024 | CL20222169 | Long Loan Books |
